[Event "Bayern-chI Bank Hofmann 5th"]
[Site "Bad Wiessee"]
[Date "2001.10.30"]
[Round "4"]
[White "Eiesenbeiser, Karlheinz"]
[Black "Lada, Ireneusz"]
[Result "1/2-1/2"]
[WhiteElo "2112"]
[BlackElo "2205"]
[PlyCount "32"]
[EventDate "2001.10.27"]
[EventType "swiss"]
[EventRounds "9"]
[EventCountry "GER"]
[SourceTitle "EXT 2003"]
[Source "ChessBase"]
[SourceDate "2002.11.25"]
[SourceVersion "1"]
[SourceVersionDate "2002.11.25"]
[SourceQuality "1"]

1. e4 c6 2. d4 d5 3. exd5 cxd5 4. Bd3 Nc6 5. c3 Qc7 6. Ne2 e6 7. Bf4 Bd6 8. Bxd6 Qxd6 9. Nd2 Nh6 10. Nf3 Bd7 11. a4 f6 12. Rb1 0-0 13. b4 e5 14. b5 Ne7 15. dxe5 fxe5 16. Bc2 Ng4 1/2-1/2